| 000 | 01544nam0a2200325 4500 | ||
|---|---|---|---|
| 001 | RU\NLR\bibl\1787451 | ||
| 005 | 20260405184322.0 | ||
| 010 |
_a978-5-7513-1212-1 _9100 |
||
| 021 |
_aRU _b2011-44962 _93187 |
||
| 035 | _a(nilc)DITM\BIBL\0000001993 | ||
| 035 | _a(NLR Aleph) 001778169 | ||
| 090 |
_a1680547 _c1680547 |
||
| 100 | _a20100119d2009 |||y0rusy50 ca | ||
| 101 | 0 | _arus | |
| 102 | _aRU | ||
| 105 | _ay ||||||||| | ||
| 200 | 1 |
_aПедагогика _eструктурно-логические схемы и таблицы с комментариями _eучебно-методическое пособие _fЛ. В. Степанова, А. И. Грязнухина _gФедер. агентство по образованию Рос. Федерации, ГОУ ВПО "Якут. гос. ун-т им. М. К. Аммосова", Пед. ин-т |
|
| 210 |
_aЯкутск _cИзд-во ЯГУ _d2009 |
||
| 215 |
_a91 с. _d21 |
||
| 606 | 1 |
_aПедагогика _jУчебно-методические пособия _9921924 _3RU\NLR\auth\6619222 |
|
| 686 |
_a74я73 _vLBC/PL _2rubbk |
||
| 686 | _aЧ31я7 | ||
| 700 | 1 |
_4070 _7ca _8rus _aСтепанова _bЛ. В. _cканд. пед. наук _gЛюдмила Валерьевна _963736 _3RU\NLR\auth\7780808 |
|
| 701 | 1 |
_aГрязнухина _bА. И. _gАлександра Игнатьевна _4070 |
|
| 801 | 0 |
_aRU _bНБР Саха _c20100119 _grcr |
|
| 801 | 1 |
_aRU _bНБР Саха _c20100119 |
|
| 801 | 2 |
_aRU _bNLR _c20110711 _grcr |
|
| 942 | _cBOOK | ||
| 980 | _aNB | ||